000 00434nam a22001697a 4500
003 MPLRDC
005 20220104153926.0
008 210129b ||||| |||| 00| 0 eng d
082 _a857.27 PSL-10 v.1 c.4
100 _a蒲松龄
245 _a聊斋志异. 上册
_c
260 _a
_b香港广智书局
_c
300 _b
490 _a同文版影印本
650 _a小说--笔记; 异闻
942 _cBK
_o857.27 PSL-10 v.1 c.4
999 _c53700
_d53690